L'autoroute de l'information vers village global

Voilà un livre extrêmement bien documenté et d’une présentation visuelle impressionnante. On nous explique les tenants et aboutissants de la révolution électronique, l’Internet, les vidéo-conférences, etc. Un langage simple, soutenu par des illustrations de grande qualité font de cet ouvrag...

Szczegółowa specyfikacja

Zapisane w:
Opis bibliograficzny
1. autor: Masson, Mario
Format: Książka
Język:Undetermined
Wydane: Québec Éditions 1995
Hasła przedmiotowe:
Etykiety: Dodaj etykietę
Nie ma etykietki, Dołącz pierwszą etykiete!
Thư viện lưu trữ: Trung tâm Học liệu Trường Đại học Cần Thơ
LEADER 00979nam a2200193Ia 4500
001 CTU_232820
008 210402s9999 xx 000 0 und d
082 |a 004.67 
082 |b M419 
100 |a Masson, Mario 
245 0 |a L'autoroute de l'information vers village global 
245 0 |c Mario Masson 
260 |a Québec 
260 |b Éditions 
260 |c 1995 
520 |a Voilà un livre extrêmement bien documenté et d’une présentation visuelle impressionnante. On nous explique les tenants et aboutissants de la révolution électronique, l’Internet, les vidéo-conférences, etc. Un langage simple, soutenu par des illustrations de grande qualité font de cet ouvrage une belle réussite. Pour les branchés de 10 à 100 ans ou pour ceux qui veulent l’être. 
650 |a Mạng diện rộng (mạng máy tính),Wide area networks (Computer networks) 
910 |b dqhieu 
980 |a Trung tâm Học liệu Trường Đại học Cần Thơ